NBA players with the most MVP Awards - Statistics

General Stats
  • This quiz has been taken 39 times
  • The average score is 7 of 8
Answer Stats
Hint Answer % Correct
5 Michael Jordan
100%
5 Bill Russell
97%
6 Kareem Abdul-Jabbar
97%
4 LeBron James
97%
3 Larry Bird
94%
4 Wilt Chamberlain
94%
3 Magic Johnson
84%
3 Moses Malone
69%
No matching quizzes found
Score Distribution
Percent of People with Each Score
Percentile by Number Answered
Your Score History
You have not taken this quiz